[Event "HCL-C205"]
[Site "www.playchess.de"]
[Date "2001.03.16"]
[Round "7"]
[White "janaj"]
[Black "patzer"]
[WhiteElo "1000"]
[BlackElo "1251"]
[PlyCount "92"]
[Result "0-1"]

1.e4 {hallo patzer, freundliche Grüße aus Bayern}  
c5 {Hallo! Ich wünsche uns eine schöne Partie! 
Gruß aus Mainz :)}  2.Bc4 {magst Du mir Deinen 
Vornamen sagen? patzer hört sich so...hmmm ...hart 
an....oki}  e6 {Klar, ich heiße Lukas...!}  3.d3 
{hi Lukas, Du bist aus Mainz und bist nicht beim 
Karneval...))).}  a6 {Nein, habe dazu keine Lust. 
Wenn ich ein wenig feiern will brauche ich kein 
Karneval...}  4.Nc3 {Hast Du schon öfter hier 
gespielt, Lukas?! Ich bin zum ersten Mal hier}  b5 
{Habe hier schon fast 30 Partien beendet. Spielst 
Du öfters Schach...?}  5.Bb3 {ohoh Lukas, da seh' 
ich schwarz für mich!}  Nc6 {Ich mache trotzdem 
genug Fehler! Sonst würde ich mich nicht "patzer" 
nennen :)}  6.Nh3 Na5 7.Be3 {guten Morgen Lukas, 
das ist lustig mit "patzer"!}  Nxb3 8.cxb3 
{hmmmmm?}  Bb7 {?}  9.Qf3 {lol...ich glaub mir ist 
was entgangen!}  Nf6 {Du hast "hmmmm?" geschrieben 
und ich wollte nur wissen was Du damit meinst. :) 
Bis später...}  10.O-O {tjy, ich hatte Deinen Zug 
nicht verstanden....}  d6 {Darf man fragen wie alt 
Du bist? :)}  11.a3 {nach dem Wort patzer zu 
schließen, bist Du aus Bayern oder Schwaben?}  Be7 
{Ich sagte schon das ich aus Mainz bin...}  12.Ne2 
{Sorry Lukas, hatte ich vergessen!}  O-O 13.Rad1 
Rc8 14.Rfe1 {ohoh, für mich ganz schön schwierig!} 
 h6 {Dann ist meine Stellung noch in Ordnung! :) 
Bis später, bin erst mal weg...}  15.Nef4 Nd7 
16.Nh5 Nf6 17.Nxf6+ Bxf6 18.Nf4 Bxb2 19.Nh5 {Gute 
Nacht Lukas, bis morgen Abend!}  Bxa3 {Bis 
morgen...}  20.Qg3 {guten Morgen und bis heute 
Abend!}  g5 21.Bd2 {Hallo Lukas, einen schönen 
Abend!}  Bb2 {Schönen Abend! Ich bin aber auch 
schon wieder weg. Schon den ganzen Tag Schach 
gespielt...}  22.h4 {Viel Spaß on the road, 
Lukas!}  f6 23.Re2 Be5 24.f4 Bd4+ 25.Kh2 Qe7 
26.Rde1 Qf7 27.Qg4 f5 28.Qf3 g4 29.Qg3 Qxh5 
30.exf5 exf5 31.b4 Bf6 32.Kg1 Qxh4 33.R2e3 Qxg3 
34.Rxg3 Kf7 35.Re2 Rfe8 36.Be3 cxb4 37.Kf1 b3 
38.d4 Rc2 39.Bd2 b2 40.Rb3 Rc1+ 41.Kf2 {ohoh}  b1Q 
{%}  42.Rxb1 Bxd4+ 43.Be3 Rxb1 44.Bxd4 g3+ 45.Kxg3 
Rxe2 46.Bf2 Rb3+ 0-1

[Event "HCL-C201"]
[Site "www.playchess.de"]
[Date "2001.03.16"]
[Round "20"]
[White "McLeod"]
[Black "TuffGong"]
[WhiteElo "1000"]
[BlackElo "1410"]
[PlyCount "43"]
[Result "1-0"]

1.e4 e5 2.f4 Nc6 3.Nf3 f5 4.exf5 e4 5.Ng5 Qe7 
6.Qh5+ g6 7.fxg6 Nf6 8.g7+ Nxh5 9.gxh8Q {%}  Nxf4 
10.Nxh7 Ng6 11.Qg8 Nce5 12.Be2 Kd8 13.O-O c6 
14.Nxf8 Qc5+ 15.Kh1 Kc7 16.Nxg6 b5 17.Nxe5 Qxe5 
18.d4 Qd5 19.Bf4+ Kb6 20.Qd8+ Ka6 21.a4 Bb7 
22.axb5+ 1-0

[Event "HCL-C201"]
[Site "www.playchess.de"]
[Date "2001.03.16"]
[Round "22"]
[White "craigsadler"]
[Black "Toady"]
[WhiteElo "699"]
[BlackElo "1000"]
[PlyCount "57"]
[Result "1/2-1/2"]

1.e4 e5 2.Nf3 Nc6 3.Bc4 Bc5 4.O-O Nf6 5.d3 Nd4 
6.Nxd4 Bxd4 7.c3 Bb6 8.Bg5 O-O 9.Nd2 d5 10.Bxd5 
Qd7 11.Bxf6 gxf6 12.Nf3 Kh8 13.Nh4 Qg4 14.Qxg4 
Bxg4 15.h3 Be6 16.Kh1 Bxd5 17.exd5 Rad8 18.c4 c6 
19.f4 cxd5 20.cxd5 Rxd5 21.fxe5 Rxe5 22.Rxf6 Bc7 
23.Raf1 Bd8 24.R6f4 Rfe8 25.R4xf7 Bxh4 26.Rxb7 Bg3 
27.Rxa7 R5e1 28.Raf7 Rxf1+ 29.Rxf1 1/2-1/2

[Event "HCL-C209"]
[Site "www.playchess.de"]
[Date "2001.03.16"]
[Round "30"]
[White "fabrizio"]
[Black "Niloc"]
[WhiteElo "1000"]
[BlackElo "702"]
[PlyCount "55"]
[Result "1-0"]

1.d4 d5 2.c4 e6 3.Nc3 Nf6 4.Bg5 Be7 5.e3 O-O 6.Nf3 
Nc6 7.Bxf6 Bxf6 8.cxd5 exd5 9.Bd3 Re8 10.Qa4 a6 
11.O-O Bg4 12.Qb3 Bxf3 13.gxf3 Bh4 14.Qxd5 Qf6 
15.Qf5 Qxf5 16.Bxf5 Rad8 17.Be4 Re6 18.d5 Rf6 
19.dxc6 b6 20.Nd5 Rdd6 21.Nxf6+ Rxf6 22.Rad1 Kf8 
23.Rd8+ Ke7 24.Rd7+ Ke6 25.Rxc7 g5 26.Rb7 Ke5 
27.c7 Rd6 28.c8Q {%}  1-0

[Event "HCL-B210"]
[Site "www.playchess.de"]
[Date "2001.03.16"]
[Round "4"]
[White "patzer"]
[Black "Translightor"]
[WhiteElo "1250"]
[BlackElo "1469"]
[PlyCount "76"]
[Result "0-1"]

1.e4 e5 {Auf ein Neues!}  2.Nf3 {Sorry für meine 
Verzögerung. Hatte aber keine Zeit gefunden...}  
Nc6 {No problem!}  3.Bc4 Bc5 4.Nc3 d6 5.d3 Bg4 
6.h3 Bh5 7.a3 h6 8.Na4 {Danke für die Mail! Hätte 
nicht gedacht das so ein Fehler vorhanden ist...}  
Nd4 {Ich hoffe, dass Du mit dem Zug nicht 
durchkommst, den ich Dir vorgesagt habe.}  9.Nxc5 
Nxf3+ 10.gxf3 dxc5 11.Be3 Qf6 12.Qd2 Bxf3 13.Rg1 
b6 14.Bd5 c6 15.Bc4 Ne7 16.b4 cxb4 17.axb4 b5 
18.Bb3 a6 19.Bb6 O-O 20.Bc5 Rfe8 21.Bxe7 Rxe7 
22.Rg3 Bh5 23.Qe3 Qd6 24.Kd2 Qxb4+ 25.Kc1 Kh7 
26.f4 Qd4 {Ich glaube, jetzt wo nicht mehr der 
Einschlag auf h6 droht, kann ich mir das leisten.} 
 27.Qxd4 {Ich hätte 24.Kd2?? nicht spielen 
dürfen...}  exd4 {Für diesen Zug habe ich durch 
den Serverausfall 18 Std. 24 Min. gebraucht!}  
28.Kd2 {Scheint sich gelohnt zu haben. Du hast die 
richtige Fortsetzung gefunden! :)}  a5 {Und der 
Server läuft immer noch nicht rund. Vielleicht 
gelingen mir noch mehr derart tolle Züge!}  
29.Rag1 {Gibt es was neues in unserer anderen 
Partie? Nicht das es eine Niederlage wegen Timeout 
gibt...}  f6 {Ich werde Thomas eine Mail 
schreiben, aber ihm nach dem Stress, den er hatte, 
erst etwas Ruhe lassen}  30.f5 c5 31.Bd5 Rc8 {Ach 
so: Thomas hatte im Forum geschrieben, dass er 
beim nächsten Update was machen wollte.}  32.c3 
{Schau Dir doch mal die eine Partie an. Vielleicht 
wurde mein Zug schon zurückgenommen...?}  Be8 {Nö, 
noch nicht. Außerdem wärst Du dann jetzt am Zug.}  
33.Be6 {Stimmt! :) In dieser Partie mache ich nur 
noch ein paar Züge...}  Rcc7 {Das ist hier längst 
noch nicht so leicht wie die 2 Mehrbauern annehmen 
lassen.}  34.cxd4 {Dennoch weis ich nicht wie ich 
diese aufhalten sollte. Wir werden sehen...}  cxd4 
35.h4 a4 {Na, dann lassen wir sie mal ein bißchen 
laufen.}  36.Ba2 b4 {Wenn einem sonst nix 
einfällt...}  37.Rb1 Rcb7 {Diese Partie habe ich 
wohl ZU pessimistisch gesehen. Immer nur nach g7 
geguckt...}  38.Bd5 {Die Partie hast Du gewonnen. 
Glückwunsch! Im nächsten Zug werde ich 
aufgeben...}  Rb6 {Danke! Irgendwann geht 
vielleicht auch unsere Hängepartie weiter.} 
 0-1

[Event "HCL-C215"]
[Site "www.playchess.de"]
[Date "2001.03.16"]
[Round "5"]
[White "IQ"]
[Black "Ewie"]
[WhiteElo "1000"]
[BlackElo "693"]
[PlyCount "21"]
[Result "1-0"]

1.e4 c5 2.Nf3 d5 3.exd5 Qxd5 4.Nc3 Qe6+ 5.Be2 Nc6 
6.d4 b6 7.d5 Qd6 8.Nb5 Qd7 9.dxc6 Qxc6 10.Bf4 Bg4 
11.Nc7+ 1-0

[Event "HCL-C213"]
[Site "www.playchess.de"]
[Date "2001.03.16"]
[Round "19"]
[White "Saroman"]
[Black "fossa"]
[WhiteElo "1000"]
[BlackElo "837"]
[PlyCount "45"]
[Result "1-0"]

1.c4 e6 {Gruesse aus Venezuela}  2.d4 c5 3.e3 
{grüße aus deutschland}  Nf6 4.Nc3 d5 5.cxd5 Nxd5 
6.Nge2 Bd7 7.g3 b5 8.Bg2 Bc6 9.O-O c4 10.Nxd5 Bxd5 
11.e4 Bc6 12.Nf4 g5 13.Nxe6 fxe6 14.Qh5+ Kd7 
15.Bxg5 Be7 16.Bxe7 Qxe7 17.d5 exd5 18.Rad1 Kc7 
19.exd5 Bxd5 20.Bxd5 Nc6 21.Bxc6 Kxc6 22.Rfe1 Qf6 
23.Qd5+ 1-0

[Event "HCL-C213"]
[Site "www.playchess.de"]
[Date "2001.03.16"]
[Round "30"]
[White "Coney"]
[Black "chico"]
[WhiteElo "1087"]
[BlackElo "1000"]
[PlyCount "25"]
[Result "1-0"]

1.e4 e5 2.f4 Nc6 3.Nf3 exf4 4.Bc4 h6 5.Nc3 d6 
6.O-O f6 7.d4 g5 8.Bb5 Bd7 9.Re1 Nge7 10.e5 fxe5 
11.dxe5 Nxe5 12.Nxe5 dxe5 13.Qh5+ 1-0

[Event "HCL-B225"]
[Site "www.playchess.de"]
[Date "2001.03.16"]
[Round "2"]
[White "Mother_Teresa"]
[Black "ggaarrii"]
[WhiteElo "1197"]
[BlackElo "1276"]
[PlyCount "43"]
[Result "1-0"]

1.e4 c5 {Be kind to me please :-) & hello from 
Umag,Croatia!}  2.Nf3 {Hello from Arizona, USA.  
My grandparents were from Czechoslovakia}  Nc6 
{Are you a member of any chess club in Arizona?}  
3.Bb5 {No, I am not in any chess club.  My 
interest in chess is only as a hobby to pass the 
time.}  a6 4.Bxc6 bxc6 {what is your occupation?}  
5.O-O e6 6.d3 d6 7.Nc3 d5 8.Bg5 Be7 9.Qd2 Nf6 
10.Ne5 Bb7 11.a3 Qc7 12.Nf3 O-O 13.Bf4 Qb6 14.b3 
Rfd8 15.Na4 Qb5 16.Nc3 Qa5 17.Rfb1 Bd6 18.Bxd6 
dxe4 19.dxe4 Rd7 20.e5 Nd5 21.Nxd5 cxd5 
22.Qxa5 1-0

[Event "HCL-B223"]
[Site "www.playchess.de"]
[Date "2001.03.16"]
[Round "5"]
[White "whatsleft2"]
[Black "Translightor"]
[WhiteElo "1200"]
[BlackElo "1493"]
[PlyCount "79"]
[Result "1-0"]

1.e4 {goodluck}  c5 {Good luck to you too - enjoy 
playing on this server!}  2.d4 cxd4 3.c3 dxc3 
4.Nxc3 {where are you from}  Nc6 {I'm from 
Hannover, right between Frankfurt and Hamburg. 
What about you?}  5.Nf3 {i am now in seadrift 
texas i was born in germany my mother is german}  
e6 {What does that mean - seadrift?}  6.Bc4 d6 
7.O-O {name of a small town on gulf of mexico}  
Be7 8.Qe2 Nf6 {Okay, on our small peninsula called 
Europe we don't know much about the geography of 
Texas.}  9.Rd1 {not many people from texas know 
much about the geography of texas}  Qc7 {Some 
people say that in Texas an average farm is as 
large as an average European state.}  10.Nb5 Qb8 
11.Bg5 {i moved to texas 2 years ago from south 
dakota}  a6 {And where do you like to live more?}  
12.Bxf6 {winters are much nicer here}  gxf6 
{Understandable. On my continent I would prefer 
Spain to Germany for the same reason (amongst 
others)}  13.Nbd4 Bd7 14.Nxc6 Bxc6 15.Nd4 Bd7 
16.Qh5 {i am having problems connecting to this 
server}  Qc8 17.Rac1 Qc5 18.Bd5 Qa5 19.Nxe6 Bxe6 
{I am having problems connecting my position.}  
20.Bc6+ {i was having problems earlier but seems 
to be ok now}  bxc6 {Bd5 was the winner, but I 
will try the impossible.}  21.Qxa5 c5 22.Qc7 Rc8 
23.Qb7 a5 24.Qb5+ Bd7 25.Qxa5 O-O 26.Rc3 Rca8 
27.Rg3+ Kh8 28.Qc7 Rfd8 29.Rb3 Rac8 30.Qb7 Kg7 
31.Rg3+ Kh8 32.Qd5 Be6 33.Qh5 Rdg8 34.a4 Rca8 
35.Ra1 Rab8 36.Rxg8+ Kxg8 37.Qe2 Rb7 38.a5 Ra7 
39.Qb5 Rd7 40.a6 1-0

[Event "HCL-A097"]
[Site "www.playchess.de"]
[Date "2001.03.16"]
[Round "8"]
[White "jackdyn"]
[Black "Alyaspogi"]
[WhiteElo "1881"]
[BlackElo "1546"]
[PlyCount "49"]
[Result "1-0"]

1.d4 Nf6 2.Nf3 e6 3.Bg5 d5 4.e3 h6 5.Bxf6 Qxf6 
6.Be2 c5 7.c4 Nc6 8.Nc3 cxd4 9.exd4 Bb4 10.O-O 
Bxc3 11.bxc3 Qg6 12.Bd3 Qf6 13.cxd5 exd5 14.Qb3 
O-O 15.Qxd5 Be6 16.Qe4 g6 17.d5 Bf5 18.Qf4 Ne7 
19.c4 Rfe8 20.Rad1 g5 21.Qc7 g4 22.Ne1 Qb2 23.d6 
Rac8 24.d7 Red8 25.dxc8Q {%}  1-0

[Event "HCL-C223"]
[Site "www.playchess.de"]
[Date "2001.03.16"]
[Round "9"]
[White "dcarnes"]
[Black "Flab"]
[WhiteElo "1070"]
[BlackElo "717"]
[PlyCount "21"]
[Result "1-0"]

1.e4 e5 2.Nf3 f6 3.Bc4 c6 4.Nc3 a6 5.O-O b5 6.Bb3 
d5 7.exd5 Ne7 8.dxc6 Nbxc6 9.d3 h5 10.Ne4 g5 
11.Nxf6+ 1-0

[Event "HCL-C090"]
[Site "www.playchess.de"]
[Date "2001.03.16"]
[Round "1"]
[White "Ewie"]
[Black "flywheel"]
[WhiteElo "665"]
[BlackElo "1336"]
[PlyCount "50"]
[Result "0-1"]

1.e4 e5 2.Bc4 Nf6 3.Nf3 Nc6 4.b3 Nxe4 5.Nc3 Nxf2 
6.Kxf2 Bc5+ 7.d4 Nxd4 8.Kf1 d6 9.Be3 Bg4 10.Qd3 
Nxf3 11.gxf3 Bxf3 12.Rg1 g6 13.Rd1 Bxd1 14.Qxd1 
Bxe3 15.Bxf7+ Kxf7 16.Qf3+ Qf6 17.Qxf6+ Kxf6 
18.Nd5+ Kg7 19.Nxe3 Rhf8+ 20.Ke2 b5 21.Rf1 Rxf1 
22.Kxf1 Rf8+ 23.Ke2 c6 24.c4 b4 25.Kd3 
Rf2 0-1

[Event "HCL-C090"]
[Site "www.playchess.de"]
[Date "2001.03.16"]
[Round "4"]
[White "Ewie"]
[Black "de_Leon"]
[WhiteElo "665"]
[BlackElo "1000"]
[PlyCount "44"]
[Result "0-1"]

1.e4 c5 2.Nf3 Nc6 3.Bc4 e6 4.b3 Nf6 5.Bb2 d5 6.Bb5 
Nxe4 7.O-O Bd7 8.d3 Nd6 9.Bxc6 Bxc6 10.Nc3 d4 
11.Ne4 Nxe4 12.dxe4 Bxe4 13.c3 d3 14.c4 b6 15.Re1 
Bf5 16.Ne5 f6 17.Qh5+ g6 18.Nxg6 Bxg6 19.Rxe6+ Be7 
20.Qh6 d2 21.Rd1 Qd7 22.Qxd2 Qxe6 0-1

[Event "HCL-C090"]
[Site "www.playchess.de"]
[Date "2001.03.16"]
[Round "7"]
[White "Guano_Ape"]
[Black "Ewie"]
[WhiteElo "800"]
[BlackElo "665"]
[PlyCount "41"]
[Result "1-0"]

1.d4 Nf6 2.Bg5 g6 3.Bxf6 exf6 4.Nf3 Qe7 5.c4 Bh6 
6.e3 O-O 7.Nc3 Re8 8.Bd3 Qb4 9.Qc2 d6 10.O-O-O b6 
11.Nd5 Qa5 12.Nxf6+ Kf8 13.Nxe8 Kxe8 14.Bxg6 hxg6 
15.Qe4+ Be6 16.Qxa8 Bxc4 17.Qxb8+ Kd7 18.Qh8 Bxa2 
19.Qxh6 Kc8 20.Rd3 Bc4 21.Ra3 1-0

[Event "HCL-C090"]
[Site "www.playchess.de"]
[Date "2001.03.16"]
[Round "9"]
[White "Guano_Ape"]
[Black "Gecko"]
[WhiteElo "800"]
[BlackElo "1000"]
[PlyCount "28"]
[Result "0-1"]

1.d4 Nf6 2.Bg5 Ne4 3.Bh4 f6 4.f3 Nd6 5.e4 g5 6.Bf2 
c6 7.Nc3 e6 8.h4 Bh6 9.f4 gxf4 10.e5 fxe5 11.dxe5 
Nf7 12.Ne4 Qa5+ 13.c3 Qxe5 14.Qe2 
d5 0-1

[Event "HCL-C090"]
[Site "www.playchess.de"]
[Date "2001.03.16"]
[Round "11"]
[White "Ewie"]
[Black "mbshier"]
[WhiteElo "665"]
[BlackElo "1000"]
[PlyCount "44"]
[Result "0-1"]

1.e4 Nf6 2.Nf3 Nxe4 3.Bd3 Nf6 4.O-O e6 5.b3 d5 
6.Ba3 Bxa3 7.Nxa3 c5 8.Rb1 Nc6 9.Bb5 Bd7 10.c4 d4 
11.Re1 O-O 12.Ne5 Nxe5 13.Rxe5 a6 14.Bxd7 Nxd7 
15.Qc2 Nxe5 16.Re1 Nc6 17.Qe4 Qa5 18.Nc2 Qxd2 
19.g3 Rad8 20.Re2 Qh6 21.h4 d3 22.Rd2 
Qxd2 0-1

[Event "HCL-C090"]
[Site "www.playchess.de"]
[Date "2001.03.16"]
[Round "15"]
[White "Guano_Ape"]
[Black "mbshier"]
[WhiteElo "800"]
[BlackElo "1000"]
[PlyCount "22"]
[Result "0-1"]

1.d4 d5 2.c4 e6 3.Nc3 Nf6 4.Nf3 Nbd7 5.Bg5 c6 6.e3 
Qa5 7.Qc2 Ne4 8.Bf4 Bb4 9.Rc1 Qxa2 10.Kd1 Bxc3 
11.bxc3 Nxf2+ 0-1

[Event "HCL-C090"]
[Site "www.playchess.de"]
[Date "2001.03.16"]
[Round "16"]
[White "Colm"]
[Black "Ewie"]
[WhiteElo "1243"]
[BlackElo "665"]
[PlyCount "43"]
[Result "1-0"]

1.e4 Nc6 2.d4 d5 3.e5 e6 4.Be3 Bb4+ 5.c3 a5 6.cxb4 
axb4 7.Bd3 Nge7 8.Nd2 b6 9.Bb5 Ba6 10.Bxa6 Rxa6 
11.Qc2 Qa8 12.Ngf3 Rxa2 13.Rxa2 Qxa2 14.O-O O-O 
15.Nb3 Qa4 16.Ra1 Qb5 17.h4 Nf5 18.Rc1 Ra8 19.Qxc6 
Qxc6 20.Rxc6 Ra2 21.Rxc7 g6 22.Bc1 1-0

[Event "HCL-C090"]
[Site "www.playchess.de"]
[Date "2001.03.16"]
[Round "17"]
[White "flywheel"]
[Black "Colm"]
[WhiteElo "1336"]
[BlackElo "1243"]
[PlyCount "50"]
[Result "0-1"]

1.e4 c5 2.d4 cxd4 3.Qxd4 Nc6 4.Qa4 g6 5.Bc4 Bg7 
6.Nc3 Nf6 7.Nf3 O-O 8.Bg5 d6 9.O-O a6 10.b4 Bg4 
11.Nd5 Nxe4 12.Rfe1 Bxf3 13.Bh4 Nc3 14.Qb3 Bxd5 
15.Bxd5 Nxd5 16.Rad1 Nc3 17.Rd3 Nb5 18.a4 Nbd4 
19.Qd5 Nxc2 20.Re4 N2xb4 21.Qc4 Nxd3 22.Qxd3 Ne5 
23.Qc2 Rc8 24.Qb2 Nf3+ 25.Kf1 Bxb2 0-1

[Event "HCL-C090"]
[Site "www.playchess.de"]
[Date "2001.03.16"]
[Round "18"]
[White "Colm"]
[Black "Gecko"]
[WhiteElo "1243"]
[BlackElo "1000"]
[PlyCount "45"]
[Result "1-0"]

1.e4 Nc6 2.d4 e5 3.d5 Nce7 4.Nf3 d6 5.h3 f5 6.Nc3 
Nf6 7.Bg5 c6 8.Bxf6 gxf6 9.Bc4 fxe4 10.Nxe4 Bg7 
11.Nh4 Qa5+ 12.c3 cxd5 13.Nxd6+ Kd7 14.Ndf5 Rg8 
15.O-O Nxf5 16.Nxf5 Kc7 17.b4 Qa3 18.Qxd5 Bxf5 
19.Qc5+ Kd8 20.Rad1+ Ke8 21.Bxg8 Qa4 22.Qc7 Qc6 
23.Qf7+ 1-0

[Event "HCL-C090"]
[Site "www.playchess.de"]
[Date "2001.03.16"]
[Round "29"]
[White "Cooldude"]
[Black "Ewie"]
[WhiteElo "952"]
[BlackElo "665"]
[PlyCount "71"]
[Result "1-0"]

1.e4 Nc6 2.Bc4 e5 3.Nc3 Bb4 4.Qf3 Qf6 5.Nd5 Qxf3 
6.Nxf3 Ba5 7.a3 Nd4 8.Nxd4 exd4 9.b4 c6 10.bxa5 
cxd5 11.Bxd5 Nf6 12.O-O Nxd5 13.exd5 O-O 14.Bb2 b6 
15.axb6 axb6 16.Bxd4 Re8 17.Bxb6 Ba6 18.d3 Rab8 
19.Rfb1 Re5 20.Bc7 Rxb1+ 21.Rxb1 Re8 22.g4 h6 
23.Rb6 Rc8 24.d6 Ra8 25.c4 g5 26.Rb4 Bxc4 27.dxc4 
Rxa3 28.Bb6 Ra6 29.Bd4 Rxd6 30.c5 Rd5 31.Rb8+ Kh7 
32.Bb2 Rxc5 33.Rh8+ Kg6 34.Rg8+ Kh7 35.Rg7+ Kh8 
36.Rxg5+ 1-0

[Event "HCL-E012"]
[Site "www.playchess.de"]
[Date "2001.03.16"]
[Round "1"]
[White "Aspidazzo"]
[Black "Goofy"]
[WhiteElo "1822"]
[BlackElo "2000"]
[PlyCount "21"]
[Result "1/2-1/2"]

1.e4 d5 2.Nc3 e6 3.exd5 exd5 4.d4 Nf6 5.Bd3 Bd6 
6.Nge2 O-O 7.O-O Ng4 8.Bf4 c6 9.h3 Nf6 10.Bxd6 
Qxd6 11.Qd2 1/2-1/2

[Event "HCL-E012"]
[Site "www.playchess.de"]
[Date "2001.03.16"]
[Round "3"]
[White "Goofy"]
[Black "delmoral"]
[WhiteElo "2000"]
[BlackElo "2000"]
[PlyCount "27"]
[Result "1-0"]

1.d4 d5 2.Nf3 Nf6 3.c4 c6 4.Nc3 a6 5.a4 e6 6.Bg5 
Be7 7.e3 O-O 8.Bd3 Nbd7 9.O-O h6 10.Bh4 Re8 11.a5 
g5 12.Bg3 Bb4 13.h4 g4 14.Ne5 1-0

[Event "HCL-E012"]
[Site "www.playchess.de"]
[Date "2001.03.16"]
[Round "7"]
[White "Gearloose"]
[Black "Aspidazzo"]
[WhiteElo "2041"]
[BlackElo "1822"]
[PlyCount "32"]
[Result "1/2-1/2"]

1.e4 d6 2.d4 Nf6 3.Nc3 Nbd7 4.Nf3 e5 5.Bc4 Be7 
6.O-O O-O 7.Re1 exd4 8.Nxd4 Nb6 9.Bf1 c5 10.Nf5 
Bxf5 11.exf5 d5 12.g4 h6 13.a4 a5 14.Bf4 Bd6 
15.Bxd6 Qxd6 16.Qf3 Rae8 1/2-1/2

[Event "HCL-E012"]
[Site "www.playchess.de"]
[Date "2001.03.16"]
[Round "18"]
[White "ajedrez"]
[Black "delmoral"]
[WhiteElo "2349"]
[BlackElo "2000"]
[PlyCount "21"]
[Result "1-0"]

1.e4 e5 2.Nf3 Nc6 3.Bc4 Nf6 4.d4 exd4 5.Ng5 d5 
6.exd5 Qe7+ 7.Kf1 Ne5 8.Qxd4 Nxc4 9.Qxc4 h6 10.Nf3 
Bg4 11.Qb5+ 1-0

[Event "HCL-B087"]
[Site "www.playchess.de"]
[Date "2001.03.16"]
[Round "2"]
[White "Hubble"]
[Black "peze"]
[WhiteElo "1731"]
[BlackElo "1758"]
[PlyCount "60"]
[Result "0-1"]

1.e4 c5 2.g3 Nc6 3.Bg2 g6 4.Ne2 Bg7 5.O-O d6 6.d3 
e5 7.Nbc3 Nge7 8.f4 O-O 9.fxe5 Nxe5 10.Nf4 f5 
11.Nfd5 Nxd5 12.Nxd5 fxe4 13.Bxe4 Bg4 14.Qe1 Nf3+ 
15.Bxf3 Rxf3 16.Rxf3 Bxf3 17.Qe6+ Kh8 18.c3 Bxd5 
19.Qxd5 Qb6 20.Rb1 Bxc3 21.Be3 Bg7 22.b4 Re8 
23.Kf2 Re5 24.Qc4 Qd8 25.bxc5 Qf6+ 26.Ke2 Bh6 
27.Rxb7 Rxe3+ 28.Kd1 Qf3+ 29.Kc2 Re2+ 30.Kb3 
Qxb7+ 0-1

[Event "HCL-B087"]
[Site "www.playchess.de"]
[Date "2001.03.16"]
[Round "4"]
[White "peze"]
[Black "Romulus73"]
[WhiteElo "1758"]
[BlackElo "1500"]
[PlyCount "38"]
[Result "1/2-1/2"]

1.c4 e5 2.Nc3 Nc6 3.g3 Nf6 4.Bg2 Bb4 5.Nf3 O-O 
6.O-O e4 7.Ne1 Bxc3 8.dxc3 h6 9.Nc2 d6 10.Ne3 a5 
11.Qc2 Re8 12.Bd2 Be6 13.Rfd1 Qd7 14.Bc1 Ne5 
15.Bxe4 Nxc4 16.Bxb7 Rab8 17.Nxc4 Bxc4 18.Bf3 Qe6 
19.Rd2 Bxa2 1/2-1/2

[Event "HCL-B087"]
[Site "www.playchess.de"]
[Date "2001.03.16"]
[Round "10"]
[White "Romulus73"]
[Black "Karl"]
[WhiteElo "1500"]
[BlackElo "1098"]
[PlyCount "37"]
[Result "1-0"]

1.d4 Nf6 2.c4 d5 3.Nc3 e6 4.Bg5 Be7 5.e3 O-O 6.Qc2 
Nc6 7.a3 Bd7 8.Nf3 h6 9.Bxf6 Bxf6 10.cxd5 exd5 
11.Nxd5 Be6 12.Nxf6+ Qxf6 13.O-O-O Rad8 14.Bd3 b6 
15.Qxc6 Bb3 16.Qxf6 gxf6 17.Bc2 Bd5 18.Nd2 Bxg2 
19.Rhg1 1-0

[Event "HCL-B087"]
[Site "www.playchess.de"]
[Date "2001.03.16"]
[Round "16"]
[White "CHARON"]
[Black "peze"]
[WhiteElo "1468"]
[BlackElo "1758"]
[PlyCount "34"]
[Result "0-1"]

1.e4 e5 2.Nf3 Nf6 3.Nxe5 d6 4.Nf3 Nxe4 5.d4 d5 
6.Bd3 Bd6 7.O-O Bg4 8.Re1 f5 9.c4 O-O 10.cxd5 
Bxh2+ 11.Kxh2 Nxf2 12.Qe2 Nxd3 13.Qxd3 Bxf3 
14.Qxf3 Qh4+ 15.Qh3 Qxe1 16.Bf4 Nd7 17.a4 
Nf6 0-1

[Event "HCL-B087"]
[Site "www.playchess.de"]
[Date "2001.03.16"]
[Round "18"]
[White "CHARON"]
[Black "Hubble"]
[WhiteElo "1468"]
[BlackElo "1731"]
[PlyCount "37"]
[Result "1-0"]

1.e4 e5 2.Nf3 Nc6 3.Bb5 a6 4.Ba4 Nf6 5.O-O b5 
6.Bb3 d6 7.d4 Bg4 8.c3 Nxe4 9.Bd5 Qd7 10.Bxe4 d5 
11.Bd3 e4 12.Re1 Be7 13.Bxe4 dxe4 14.Rxe4 O-O 
15.Nbd2 Bg5 16.Nb3 Bxc1 17.Rxc1 Qf5 18.Re3 Ne7 
19.Rxe7 1-0

[Event "HCL-B087"]
[Site "www.playchess.de"]
[Date "2001.03.16"]
[Round "22"]
[White "peze"]
[Black "Matu"]
[WhiteElo "1758"]
[BlackElo "1500"]
[PlyCount "51"]
[Result "1-0"]

1.c4 Nf6 2.Nc3 e5 3.g3 Nc6 4.Bg2 Bc5 5.e3 d6 
6.Nge2 Bd7 7.O-O O-O 8.d3 Qc8 9.d4 exd4 10.exd4 
Bb6 11.Bg5 Nh5 12.Nd5 h6 13.Be3 a6 14.Nec3 Bg4 
15.f3 Bh3 16.g4 Bxg2 17.Kxg2 Nf6 18.Nxf6+ gxf6 
19.Qd2 h5 20.Nd5 hxg4 21.Nxf6+ Kg7 22.Bh6+ Kxf6 
23.Qg5+ Ke6 24.Rae1+ Kd7 25.Qf5+ Kd8 
26.Bg5+ 1-0

[Event "HCL-B087"]
[Site "www.playchess.de"]
[Date "2001.03.16"]
[Round "24"]
[White "Hubble"]
[Black "Matu"]
[WhiteElo "1731"]
[BlackElo "1500"]
[PlyCount "32"]
[Result "0-1"]

1.d4 Nf6 2.c4 e6 3.Nc3 Bb4 4.Bg5 c5 5.a3 cxd4 
6.Qxd4 Nc6 7.Qd3 Ne5 8.Qc2 Qa5 9.Bxf6 Bxc3+ 
10.bxc3 gxf6 11.e3 b6 12.Nh3 Bb7 13.f3 Qc5 14.Qe2 
Rc8 15.Nf4 Nxc4 16.Qxc4 Qxe3+ 0-1

[Event "HCL-B087"]
[Site "www.playchess.de"]
[Date "2001.03.16"]
[Round "26"]
[White "Karl"]
[Black "Matu"]
[WhiteElo "1098"]
[BlackElo "1500"]
[PlyCount "38"]
[Result "0-1"]

1.e4 c6 2.Nf3 d5 3.Nc3 Bg4 4.Be2 e6 5.O-O Bb4 6.d3 
Bxc3 7.bxc3 dxe4 8.dxe4 Qxd1 9.Rxd1 Nf6 10.Rb1 
Nxe4 11.Rxb7 Nxc3 12.Rd2 Nxe2+ 13.Kf1 Nxc1 14.Rbd7 
Nxd7 15.Rd1 Bxf3 16.gxf3 Nxa2 17.Ra1 Nb4 18.c3 Nd5 
19.c4 Nb4 0-1

[Event "HCL-B087"]
[Site "www.playchess.de"]
[Date "2001.03.16"]
[Round "36"]
[White "Matu"]
[Black "ddddale"]
[WhiteElo "1500"]
[BlackElo "1500"]
[PlyCount "32"]
[Result "0-1"]

1.Nf3 g6 2.d4 Bg7 3.e4 c6 4.c4 d5 5.cxd5 cxd5 6.e5 
Bg4 7.Nc3 Nc6 8.Be3 Nh6 9.Qb3 O-O 10.Qxb7 Rc8 
11.Be2 Nf5 12.Ng5 Rc7 13.Qb3 Ncxd4 14.Bxd4 Nxd4 
15.Qxd5 Nc2+ 16.Kf1 Nxa1 0-1

[Event "HCL-A054"]
[Site "www.playchess.de"]
[Date "2001.03.17"]
[Round "19"]
[White "raghavendrakarthik"]
[Black "mrchess"]
[WhiteElo "1548"]
[BlackElo "1555"]
[PlyCount "32"]
[Result "0-1"]

1.Nf3 d6 2.d4 Nf6 3.c4 Nbd7 4.Nc3 e5 5.Bg5 Be7 
6.e3 c6 7.dxe5 dxe5 8.Bxf6 Bxf6 9.e4 O-O 10.b4 Qc7 
11.Be2 Rd8 12.Qc2 Be7 13.O-O Bxb4 14.a3 Bd6 15.Ng5 
Nf6 16.Bd3 Qe7 0-1